Online
Catalog

Crecimiento de poblacion y desarrollo economico / (Record no. 14110)

MARC details
000 -CABECERA
campo de control de longitud fija 01230cam a2200301 a 4500
001 - NÚMERO DE CONTROL
campo de control 000014521
005 - FECHA Y HORA DE LA ÚLTIMA TRANSACCIÓN
campo de control 20200929163850.0
008 - DATOS DE LONGITUD FIJA--INFORMACIÓN GENERAL
campo de control de longitud fija 840314t19721971mx a b 000 0 spa
010 ## - NÚMERO DE CONTROL DE LA BIBLIOTECA DEL CONGRESO
Número de control de LC 84133931
040 ## - FUENTE DE LA CATALOGACIÓN
Centro catalogador/agencia de origen DO-SdBNP
Centro/agencia transcriptor DLC
Centro/agencia modificador DLC
041 1# - CÓDIGO DE LENGUA
Código de lengua del texto/banda sonora o título independiente spaeng
043 ## - CÓDIGO DE ÁREA GEOGRÁFICA
Código de área geográfica d------
050 00 - SIGNATURA TOPOGRÁFICA DE LA BIBLIOTECA DEL CONGRESO
Número de clasificación HB884
Número de documento/Ítem .P665518 1972
082 00 - NÚMERO DE LA CLASIFICACIÓN DECIMAL DEWEY
Número de clasificación 304.6/09172/4
Número de edición 19
130 0# - ENTRADA PRINCIPAL--TÍTULO UNIFORME
Título uniforme Population growth and economic development.
Lenguaje de la obra Spanish.
9 (RLIN) 32847
245 10 - MENCIÓN DE TÍTULO
Título Crecimiento de poblacion y desarrollo economico /
Mención de responsabilidad, etc. [traductor, Modesto Rodriguez de la Torre].
250 ## - MENCIÓN DE EDICIÓN
Mención de edición 1a ed.
260 ## - PUBLICACIÓN, DISTRIBUCIÓN, ETC.
Lugar de publicación, distribución, etc. Mexico :
Nombre del editor, distribuidor, etc. Editorial Diana,
Fecha de publicación, distribución, etc. 1972, c1971.
300 ## - DESCRIPCIÓN FÍSICA
Extensión 213 p. :
Otras características físicas ill. ;
Dimensiones 23 cm.
500 ## - NOTA GENERAL
Nota general Translation of: Population growth and economic development.
500 ## - NOTA GENERAL
Nota general At head of title: TEMPO, Centro de Estudios Avanzados de la Compania General Electric.
504 ## - NOTA DE BIBLIOGRAFÍA, ETC.
Nota de bibliografía, etc. Bibliography: p. 205-207.
651 #0 - PUNTO DE ACCESO ADICIONAL DE MATERIA--NOMBRE GEOGRÁFICO
Nombre geográfico Developing Countries
Subdivisión general Population
-- Economic Aspects
-- Mathematical Models.
9 (RLIN) 32848
651 #0 - PUNTO DE ACCESO ADICIONAL DE MATERIA--NOMBRE GEOGRÁFICO
Nombre geográfico Developing Countries
Subdivisión general Population
-- Economic Aspects.
9 (RLIN) 32849
651 #0 - PUNTO DE ACCESO ADICIONAL DE MATERIA--NOMBRE GEOGRÁFICO
Nombre geográfico Developing Countries
Subdivisión general Population Policy.
9 (RLIN) 32850
710 2# - PUNTO DE ACCESO ADICIONAL--NOMBRE DE ENTIDAD CORPORATIVA
Nombre de entidad corporativa o nombre de jurisdicción como elemento de entrada General Electric Company.
Unidad subordinada Technical Military Planning Operation.
9 (RLIN) 32851
910 ## - DATOS DE OPCIÓN DEL USUARIO (OCLC)
Datos de opción del usuario Catalogación derivada
Holdings
Estado de retiro Estado de pérdida Restricciones de uso No para préstamo Código de colección Localización permanente Ubicación/localización actual Ubicación en estantería Fecha de adquisición Número de inventario Total de préstamos Signatura topográfica completa Código de barras Fecha visto por última vez Precio válido a partir de Tipo de ítem Koha
      Excluido de préstamo Monografías: Libros y Folletos General General En catalogación 13.01.2010 LF1   304.6/09172/4 14521-10 25.06.2020 25.06.2020 No se presta

Powered by Koha